[Event "Dan MacAdam mem"]
[Site "Victoria CAN"]
[Date "2005.01.24"]
[Round "4.7"]
[White "Beaudin, Jesse"]
[Black "Jones, Cliff"]
[Result "1-0"]
[WhiteElo "1737"]
[BlackElo "1714"]
[PlyCount "143"]
[GameId "2160767911031481"]
[EventDate "2005.01.22"]
[EventType "swiss"]
[EventRounds "4"]
[EventCountry "CAN"]

1. e4 d5 2. exd5 Qxd5 3. Nc3 Qd8 4. d4 Nf6 5. Nf3 c6 6. Bg5 Nbd7 7. Bc4 h6 8. Bh4 Nb6 9. Be2 Bf5 10. Qd2 e6 11. O-O Be7 12. Bg3 O-O 13. h3 Bd6 14. Ne5 Qc7 15. Bd3 Bxd3 16. Qxd3 Rad8 17. Ne4 Nxe4 18. Qxe4 Nd7 19. Nxd7 Rxd7 20. Bxd6 Rxd6 21. c3 Rfd8 22. Rfe1 Rd5 23. Re3 c5 24. dxc5 Qxc5 25. Rae1 Qb6 26. b3 R8d7 27. c4 Rd4 28. Qe5 Qd6 29. Qxd6 R7xd6 30. f3 b6 31. Kf2 Kf8 32. Rc3 Rc6 33. Ke3 e5 34. Rd3 Rcd6 35. Red1 Rxd3+ 36. Rxd3 Rxd3+ 37. Kxd3 f5 38. h4 g6 39. b4 Ke7 40. c5 bxc5 41. bxc5 Kd7 42. Kc4 Kc6 43. g3 h5 44. Kb4 e4 45. fxe4 fxe4 46. Kc4 e3 47. Kd3 e2 48. Kxe2 Kxc5 49. Kf3 Kb4 50. Kf4 Ka3 51. Kg5 Kxa2 52. Kxg6 Kb3 53. Kxh5 a5 54. g4 a4 55. g5 a3 56. g6 a2 57. g7 a1=Q 58. g8=Q+ Kb4 59. Qg4+ Kc5 60. Kg6 Qa6+ 61. Kg5 Qa1 62. Qf5+ Kc4 63. h5 Qg7+ 64. Kh4 Qe7+ 65. Qg5 Qe1+ 66. Kg4 Qg1+ 67. Kf5 Qc5+ 68. Kg6 Qd6+ 69. Qf6 Qg3+ 70. Kh7 Qc7+ 71. Qg7 Qf4 72. Qg8+ 1-0

[Event "Dan MacAdam mem"]
[Site "Victoria CAN"]
[Date "2005.01.23"]
[Round "4.8"]
[White "Wild, Joshua"]
[Black "Breel, Kevin"]
[Result "1-0"]
[WhiteElo "1317"]
[BlackElo "1314"]
[PlyCount "43"]
[GameId "2160767911031482"]
[EventDate "2005.01.22"]
[EventType "swiss"]
[EventRounds "4"]
[EventCountry "CAN"]

1. e4 d6 2. d4 Nf6 3. Nc3 g6 4. Bg5 Nbd7 5. Nf3 Bg7 6. Bc4 O-O 7. Qd2 a6 8. e5 dxe5 9. dxe5 Ng4 10. e6 fxe6 11. Bxe6+ Kh8 12. Bxg4 b5 13. O-O-O b4 14. Ne2 c5 15. Bxd7 Qa5 16. Kb1 Rd8 17. Qe3 Rxd7 18. Rxd7 Bxd7 19. Bxe7 Re8 20. Qxc5 Qxc5 21. Bxc5 Rxe2 22. Rd1 1-0

[Event "Dan MacAdam mem"]
[Site "Victoria CAN"]
[Date "2005.01.23"]
[Round "4.9"]
[White "Kaashoek, John"]
[Black "Leblanc, Paul"]
[Result "0-1"]
[WhiteElo "1498"]
[BlackElo "1876"]
[PlyCount "58"]
[GameId "2160767911031483"]
[EventDate "2005.01.22"]
[EventType "swiss"]
[EventRounds "4"]
[EventCountry "CAN"]

1. e4 c6 2. Be2 d5 3. Bf3 dxe4 4. Bxe4 Nf6 5. Bf3 Bf5 6. b3 e6 7. Bb2 Bc5 8. d3 Nbd7 9. d4 Bd6 10. h3 h5 11. Ne2 Qc7 12. Nbc3 O-O-O 13. Qd2 g5 14. O-O-O g4 15. hxg4 hxg4 16. Bxg4 Rxh1 17. Rxh1 Bxg4 18. f3 Bf5 19. g4 Bg6 20. Qg5 Nd5 21. Ne4 Be7 22. Qh6 N7f6 23. Ng5 Nf4 24. Qh2 Nxe2+ 25. Qxe2 Qf4+ 26. Kb1 Qxg5 27. Bc1 Qd5 28. Rh6 Qxd4 29. Rxg6 fxg6 0-1

[Event "Dan MacAdam mem"]
[Site "Victoria CAN"]
[Date "2005.01.23"]
[Round "4.11"]
[White "Raymer, Elliot"]
[Black "McKay, Zachary"]
[Result "1-0"]
[WhiteElo "1504"]
[BlackElo "1176"]
[PlyCount "63"]
[GameId "2160767911031484"]
[EventDate "2005.01.22"]
[EventType "swiss"]
[EventRounds "4"]
[EventCountry "CAN"]

1. e4 Nf6 2. e5 d6 3. exf6 exf6 4. d4 Qe7+ 5. Qe2 Be6 6. Nc3 Nc6 7. d5 Nd4 8. Qd3 Bd7+ 9. Be3 O-O-O 10. Qxd4 c6 11. Qxa7 Bf5 12. O-O-O Kd7 13. dxc6+ Ke8 14. cxb7 Qd7 15. Bb5 Be7 16. Bxd7+ Bxd7 17. Nd5 Bc6 18. Nc7+ Kd7 19. Nf3 Rb8 20. Nd5 Rxb7 21. Qa6 Bd8 22. Nc3 Bc7 23. Bc5 Rhb8 24. Nd4 Rb6 25. Bxb6 Rxb6 26. Qe2 Bxg2 27. Rhe1 Bd8 28. Qe8+ Kc7 29. Ncb5+ Kc8 30. Re7 Rb7 31. Nxd6+ Kb8 32. Rxb7+ 1-0

[Event "Dance O Power"]
[Site "Edmonton CAN"]
[Date "2005.11.03"]
[Round "1"]
[White "Smith, Kevin"]
[Black "Hughey, Micah"]
[Result "1/2-1/2"]
[WhiteElo "1713"]
[BlackElo "1992"]
[PlyCount "106"]
[GameId "2160767910834202"]
[EventDate "2005.11.03"]
[EventType "swiss"]
[EventRounds "4"]
[EventCountry "CAN"]
[WhiteTeam "Canada"]
[BlackTeam "Canada"]
[WhiteTeamCountry "CAN"]
[BlackTeamCountry "CAN"]

1. e4 e5 2. Nf3 Nc6 3. Bb5 a6 4. Bxc6 bxc6 5. d4 exd4 6. Qxd4 Qf6 7. Qa4 Bc5 8. Nc3 Rb8 9. a3 Ne7 10. O-O O-O 11. Qc4 Ba7 12. Bg5 Qd6 13. e5 Qc5 14. Qxc5 Bxc5 15. b4 h6 16. Bh4 g5 17. bxc5 gxh4 18. Nxh4 a5 19. Rfd1 f6 20. Re1 f5 21. Rad1 Rb2 22. Rd2 Kf7 23. Red1 Rg8 24. f4 Ke6 25. Nf3 Kf7 26. Nd4 Rb8 27. Kf2 Kg6 28. Re1 Kf7 29. Rde2 Rg6 30. g3 Ba6 31. e6+ Kf6 32. Re5 d6 33. cxd6 cxd6 34. Rxa5 Bc4 35. Ra7 Rb2 36. Nd1 Ra2 37. Ne3 c5 38. Nxc4 cxd4 39. Re2 d3 40. cxd3 Rxe2+ 41. Kxe2 Kxe6 42. Ra6 Kd5 43. Ne3+ Kc5 44. Ra7 Re6 45. Kd2 Nc6 46. Rc7 Kb6 47. Rf7 Nd4 48. Nc4+ Kc5 49. Rc7+ Kb5 50. Rb7+ Kc5 51. Rc7+ Kb5 52. Rf7 Kc5 53. Rc7+ Kb5 1/2-1/2

[Event "Dance O Power"]
[Site "Edmonton CAN"]
[Date "2005.11.10"]
[Round "2"]
[White "Hughey, Micah"]
[Black "Wihnon, Jason"]
[Result "1-0"]
[WhiteElo "1992"]
[BlackElo "1739"]
[PlyCount "55"]
[GameId "2160767910834203"]
[EventDate "2005.11.03"]
[EventType "swiss"]
[EventRounds "4"]
[EventCountry "CAN"]
[WhiteTeam "Canada"]
[BlackTeam "Canada"]
[WhiteTeamCountry "CAN"]
[BlackTeamCountry "CAN"]

1. e4 d5 2. exd5 Qxd5 3. Nc3 Qa5 4. d4 Nf6 5. Nf3 c6 6. Ne5 Bf5 7. Bd3 Bg6 8. Nxg6 hxg6 9. Be3 e6 10. a3 Bd6 11. h3 Nbd7 12. Qd2 O-O-O 13. O-O-O Nb6 14. Kb1 Nbd5 15. Nb5 Qxd2 16. Nxd6+ Kd7 17. Bxd2 Kxd6 18. c4 Ne7 19. Rhe1 Nf5 20. Bc3 Nh4 21. Bf1 Rhe8 22. g3 Nf5 23. Bg2 Kc7 24. Kc2 Ne7 25. b4 Nc8 26. a4 Nb6 27. Kb3 Nc8 28. b5 1-0

[Event "Dance O Power"]
[Site "Edmonton CAN"]
[Date "2005.11.10"]
[Round "2"]
[White "Karmali, Hafiz"]
[Black "Ostapchuk, David"]
[Result "1-0"]
[WhiteElo "1939"]
[BlackElo "1610"]
[PlyCount "121"]
[GameId "2160767910834204"]
[EventDate "2005.11.03"]
[EventType "swiss"]
[EventRounds "4"]
[EventCountry "CAN"]
[WhiteTeam "Canada"]
[BlackTeam "Canada"]
[WhiteTeamCountry "CAN"]
[BlackTeamCountry "CAN"]

1. d4 e6 2. e4 c5 3. d5 Nf6 4. Bg5 h6 5. Bxf6 Qxf6 6. Nc3 Bd6 7. Bc4 O-O 8. dxe6 fxe6 9. Nf3 Be5 10. Qd2 Bf4 11. Qe2 Nc6 12. O-O a6 13. a4 Ne5 14. Rad1 Kh8 15. Nxe5 Bxe5 16. Rd3 d6 17. Rfd1 Bd4 18. Rf3 Qe7 19. Rxf8+ Qxf8 20. Rd3 Bd7 21. Nd1 Rb8 22. a5 Re8 23. c3 d5 24. Rf3 Qd6 25. cxd4 dxc4 26. Qxc4 Qxd4 27. Qc2 Ba4 28. b3 Qb4 29. Qc3 Rd8 30. Nb2 Bc6 31. Qxb4 cxb4 32. Kf1 Bxe4 33. Rf4 Bc6 34. Rxb4 Rd5 35. Nc4 Rb5 36. Rxb5 Bxb5 37. Ke2 Kg8 38. Kd3 Kf7 39. Kd4 Ke7 40. f4 Bc6 41. g3 Bd5 42. Ke5 Kf7 43. Nd6+ Ke7 44. b4 g6 45. f5 gxf5 46. Nxf5+ Kd7 47. Nxh6 Kc6 48. Kd4 Kb5 49. Kc3 e5 50. Ng4 e4 51. Ne3 Bf7 52. g4 b6 53. axb6 Kxb6 54. h4 Kc6 55. h5 Kd6 56. Kd4 Ke6 57. Kxe4 Kf6 58. Kf4 Be6 59. g5+ Kf7 60. Nf5 Bc4 61. Nd6+ 1-0

[Event "Dance O Power"]
[Site "Edmonton CAN"]
[Date "2005.11.17"]
[Round "3"]
[White "Hughey, Micah"]
[Black "Piccione, Carmelo"]
[Result "1-0"]
[WhiteElo "1997"]
[BlackElo "1592"]
[PlyCount "33"]
[GameId "2160767910834205"]
[EventDate "2005.11.03"]
[EventType "swiss"]
[EventRounds "4"]
[EventCountry "CAN"]
[WhiteTeam "Canada"]
[BlackTeam "Canada"]
[WhiteTeamCountry "CAN"]
[BlackTeamCountry "CAN"]

1. e4 c5 2. c3 d5 3. exd5 Qxd5 4. d4 Nf6 5. Nf3 Bg4 6. Be2 Nc6 7. h3 Bf5 8. O-O c4 9. Nbd2 b5 10. a4 Bd3 11. Bxd3 cxd3 12. Nb3 e5 13. axb5 Qxb5 14. Nxe5 Nxe5 15. Ra5 Qb7 16. Rxe5+ Kd7 17. Rfe1 1-0

[Event "Dance O Power"]
[Site "Edmonton CAN"]
[Date "2005.11.24"]
[Round "4"]
[White "Karmali, Hafiz"]
[Black "Hughey, Micah"]
[Result "1-0"]
[WhiteElo "1939"]
[BlackElo "1997"]
[PlyCount "45"]
[GameId "2160767910834206"]
[EventDate "2005.11.03"]
[EventType "swiss"]
[EventRounds "4"]
[EventCountry "CAN"]
[WhiteTeam "Canada"]
[BlackTeam "Canada"]
[WhiteTeamCountry "CAN"]
[BlackTeamCountry "CAN"]

1. d4 d5 2. c4 e6 3. Nc3 c5 4. cxd5 exd5 5. Nf3 Nc6 6. g3 Nf6 7. Bg2 cxd4 8. Nxd4 Qb6 9. Nxc6 bxc6 10. O-O Be7 11. e4 dxe4 12. Nxe4 O-O 13. Qc2 Ba6 14. Be3 Qa5 15. Rfd1 Nd5 16. Bc5 Rfe8 17. Bxe7 Rxe7 18. Qxc6 Bb7 19. Qc5 Qc7 20. Rxd5 Qxc5 21. Rxc5 Bxe4 22. Re1 Rae8 23. Rxe4 1-0

[Event "Dimanche 2005.06.05"]
[Site "Montreal CAN"]
[Date "2005.06.05"]
[Round "1"]
[White "Lefebvre, Gabriel"]
[Black "Ye, Ling Feng"]
[Result "0-1"]
[WhiteElo "1509"]
[BlackElo "1883"]
[PlyCount "60"]
[GameId "2160767910968057"]
[EventDate "2005.06.05"]
[EventType "tourn"]
[EventRounds "5"]
[EventCountry "CAN"]
[SourceTitle "hb"]

1. e4 c5 2. Nf3 e6 3. d4 cxd4 4. Nxd4 Nf6 5. Nc3 d6 6. Be2 a6 7. O-O Be7 8. Be3 Nc6 9. f4 Qc7 10. Kh1 O-O 11. Qe1 Re8 12. g4 Nxd4 13. Bxd4 e5 14. fxe5 dxe5 15. Qg3 Bb4 16. g5 Nd7 17. Qf3 Rf8 18. Nd5 Qd6 19. Be3 Bc5 20. Rad1 Qc6 21. Bxc5 Qxc5 22. b4 Qxc2 23. g6 Kh8 24. gxf7 b5 25. Rc1 Qxa2 26. Rc7 Rb8 27. Ne7 Nf6 28. Rxc8 Rbxc8 29. Ng6+ hxg6 30. Qh3+ Nh7 0-1

[Event "Easter op"]
[Site "Winnipeg CAN"]
[Date "2005.04.15"]
[Round "1"]
[White "Cheyne, Andrew"]
[Black "Bertrand, Daryl"]
[Result "0-1"]
[WhiteElo "1340"]
[BlackElo "1942"]
[PlyCount "92"]
[GameId "2160767910968737"]
[EventDate "2005.04.15"]
[EventType "swiss"]
[EventRounds "5"]
[EventCountry "CAN"]
[SourceTitle "EXT 2006"]
[Source "ChessBase"]
[SourceDate "2005.11.24"]
[SourceVersion "1"]
[SourceVersionDate "2005.11.24"]
[SourceQuality "1"]

1. e4 g6 2. d4 Bg7 3. Nf3 c6 4. Nc3 d5 5. h3 Nf6 6. e5 Ne4 7. Bd3 Nxc3 8. bxc3 O-O 9. O-O c5 10. Nh2 Nc6 11. Bb5 Na5 12. f4 c4 13. g4 a6 14. Ba4 b5 15. Bb3 Re8 16. Qf3 f5 17. g5 cxb3 18. axb3 Be6 19. Kg2 Bf7 20. h4 e6 21. Ba3 Bf8 22. Bc1 Nc6 23. Bd2 a5 24. Rh1 a4 25. b4 Re7 26. Nf1 Rc7 27. Ng3 Nxd4 28. cxd4 Rxc2 29. Qd3 Rac8 30. Rhc1 Rxc1 31. Rxc1 Rxc1 32. Bxc1 Qc7 33. Ba3 Be8 34. Ne2 h6 35. Nc1 Bxb4 36. Bxb4 Qxc1 37. Bd2 Qd1 38. Qe3 a3 39. Qe1 Qg4+ 40. Qg3 Qe2+ 41. Qf2 Qe4+ 42. Kf1 a2 43. Bc3 b4 44. Ba1 Qb1+ 45. Qe1 b3 46. Bc3 b2 0-1

[Event "Easter op"]
[Site "Winnipeg CAN"]
[Date "2005.04.15"]
[Round "1"]
[White "Joven, Perfecto"]
[Black "Anderson, George"]
[Result "1-0"]
[WhiteElo "2087"]
[BlackElo "1431"]
[PlyCount "55"]
[GameId "2160767910968738"]
[EventDate "2005.04.15"]
[EventType "swiss"]
[EventRounds "5"]
[EventCountry "CAN"]
[SourceTitle "EXT 2006"]
[Source "ChessBase"]
[SourceDate "2005.11.24"]
[SourceVersion "1"]
[SourceVersionDate "2005.11.24"]
[SourceQuality "1"]

1. e4 e6 2. d4 d5 3. Nc3 Bb4 4. e5 Bd7 5. Qg4 Bf8 6. Bg5 Ne7 7. Bd3 g6 8. Bf6 Rg8 9. h4 h5 10. Qg5 Nbc6 11. Nf3 Bg7 12. Ne2 Bxf6 13. exf6 Nf5 14. c3 a6 15. O-O Rh8 16. Rfe1 Nh6 17. Nf4 Ng8 18. Nxd5 Bc8 19. Bxg6 Kf8 20. Bxf7 Nxf6 21. Nxf6 Kxf7 22. Ne5+ Nxe5 23. dxe5 Qd3 24. Rad1 Qg6 25. Qxg6+ Kxg6 26. Rd3 b5 27. Rg3+ Kf5 28. Rg5+ 1-0

[Event "Easter op"]
[Site "Winnipeg CAN"]
[Date "2005.04.15"]
[Round "1"]
[White "Khedkar, Jay S"]
[Black "Podmoroff, Yuri"]
[Result "1-0"]
[WhiteElo "1970"]
[BlackElo "1365"]
[PlyCount "53"]
[GameId "2160767910968739"]
[EventDate "2005.04.15"]
[EventType "swiss"]
[EventRounds "5"]
[EventCountry "CAN"]
[SourceTitle "EXT 2006"]
[Source "ChessBase"]
[SourceDate "2005.11.24"]
[SourceVersion "1"]
[SourceVersionDate "2005.11.24"]
[SourceQuality "1"]

1. e4 e5 2. f4 Bc5 3. Nf3 exf4 4. d4 Bb6 5. Bxf4 d6 6. Bc4 Bg4 7. O-O Nd7 8. Bxf7+ Kf8 9. Nc3 Ngf6 10. Bb3 Ne5 11. Kh1 Nxf3 12. gxf3 Bh3 13. Rg1 h6 14. Be3 Qe7 15. Qd2 Ba5 16. Rg3 Bxc3 17. bxc3 Bd7 18. Rag1 Nh5 19. Rg6 Ke8 20. Bxh6 Qh4 21. Bxg7 Nf4 22. Bxh8 Nxg6 23. Rxg6 Bb5 24. Rg8+ Kd7 25. Rxa8 Qh3 26. Qg2 Qh5 27. Qg4+ 1-0

[Event "Easter op"]
[Site "Winnipeg CAN"]
[Date "2005.04.15"]
[Round "1"]
[White "Oberton, Daniel"]
[Black "Zaczek, Jonathon"]
[Result "0-1"]
[WhiteElo "1398"]
[BlackElo "2025"]
[PlyCount "54"]
[GameId "2160767910968740"]
[EventDate "2005.04.15"]
[EventType "swiss"]
[EventRounds "5"]
[EventCountry "CAN"]
[SourceTitle "EXT 2006"]
[Source "ChessBase"]
[SourceDate "2005.11.24"]
[SourceVersion "1"]
[SourceVersionDate "2005.11.24"]
[SourceQuality "1"]

1. e4 c5 2. d4 cxd4 3. c3 d3 4. Bxd3 d6 5. Nf3 e6 6. Be3 a6 7. O-O Nf6 8. e5 dxe5 9. Nxe5 Bd6 10. Nf3 Qc7 11. Nbd2 Nbd7 12. Nc4 Be7 13. Re1 b5 14. Ncd2 Bb7 15. Qc2 O-O 16. Bg5 h6 17. Bxf6 Nxf6 18. Ne4 Rfd8 19. Nxf6+ Bxf6 20. Be4 Rd7 21. Bxb7 Qxb7 22. Rad1 Rad8 23. Rd2 Rxd2 24. Nxd2 Qd5 25. Nb3 h5 26. h3 Be5 27. Qe4 Qxe4 0-1

[Event "Easter op"]
[Site "Winnipeg CAN"]
[Date "2005.04.15"]
[Round "1"]
[White "Rutter, Blair"]
[Black "Fastershank, Anthony"]
[Result "1-0"]
[WhiteElo "1760"]
[BlackElo "1214"]
[PlyCount "67"]
[GameId "2160767910968741"]
[EventDate "2005.04.15"]
[EventType "swiss"]
[EventRounds "5"]
[EventCountry "CAN"]
[SourceTitle "EXT 2006"]
[Source "ChessBase"]
[SourceDate "2005.11.24"]
[SourceVersion "1"]
[SourceVersionDate "2005.11.24"]
[SourceQuality "1"]

1. c4 e5 2. g3 Nf6 3. Bg2 Be7 4. Nc3 O-O 5. e4 d6 6. Nge2 Nc6 7. O-O Be6 8. d3 Qd7 9. f4 exf4 10. Nxf4 Bg4 11. Qe1 d5 12. Nfxd5 Nxd5 13. Nxd5 Bd6 14. Be3 Be5 15. Qd2 Bh3 16. d4 Bd6 17. c5 Be7 18. Bxh3 Qxh3 19. Nxc7 Rac8 20. Nd5 Bd8 21. Rae1 Na5 22. b3 Qg4 23. Bf4 b6 24. b4 Nc6 25. b5 Na5 26. c6 h5 27. c7 g5 28. cxd8=Q Rfxd8 29. Nf6+ Kg7 30. Nxg4 hxg4 31. Bxg5 Rd7 32. Bf6+ Kh7 33. Qg5 Rg8 34. Qh5# 1-0

[Event "Easter op"]
[Site "Winnipeg CAN"]
[Date "2005.04.15"]
[Round "1"]
[White "Wasserman, Leor"]
[Black "Kohalmi, Andy"]
[Result "0-1"]
[WhiteElo "966"]
[BlackElo "1605"]
[PlyCount "60"]
[GameId "2160767910968742"]
[EventDate "2005.04.15"]
[EventType "swiss"]
[EventRounds "5"]
[EventCountry "CAN"]
[SourceTitle "EXT 2006"]
[Source "ChessBase"]
[SourceDate "2005.11.24"]
[SourceVersion "1"]
[SourceVersionDate "2005.11.24"]
[SourceQuality "1"]

1. e4 d5 2. exd5 Qxd5 3. Nc3 Qa5 4. Nf3 Nf6 5. Bc4 Bg4 6. h3 Bh5 7. O-O Nbd7 8. d4 O-O-O 9. Qd3 Nb6 10. Ng5 Bg6 11. Qe3 Nxc4 12. Qe2 Rxd4 13. Be3 Nxe3 14. Qxe3 Rd8 15. Rad1 Rxd1 16. Rxd1 e6 17. Qd2 Bd6 18. Nf3 Rd8 19. Nd4 a6 20. Nb3 Qe5 21. g3 Be7 22. Nd4 c5 23. f4 Qxd4+ 24. Qxd4 cxd4 25. Ne2 d3 26. cxd3 Bxd3 27. Nc1 Bc5+ 28. Kh1 Be4+ 29. Kh2 Rxd1 30. Nb3 Rh1# 0-1

[Event "Easter op"]
[Site "Winnipeg CAN"]
[Date "2005.04.16"]
[Round "2"]
[White "Anderson, George"]
[Black "Gannon, Keith"]
[Result "0-1"]
[WhiteElo "1431"]
[BlackElo "1573"]
[PlyCount "58"]
[GameId "2160767910968743"]
[EventDate "2005.04.15"]
[EventType "swiss"]
[EventRounds "5"]
[EventCountry "CAN"]
[SourceTitle "EXT 2006"]
[Source "ChessBase"]
[SourceDate "2005.11.24"]
[SourceVersion "1"]
[SourceVersionDate "2005.11.24"]
[SourceQuality "1"]

1. e4 e5 2. Nf3 d6 3. d4 exd4 4. c3 dxc3 5. Bc4 Qe7 6. Nxc3 c6 7. O-O Nd7 8. Bg5 Ngf6 9. e5 Nxe5 10. Nxe5 dxe5 11. f4 Qc5+ 12. Kh1 Qxc4 13. fxe5 Nd5 14. Qf3 Nxc3 15. bxc3 Be6 16. Rad1 Qg4 17. Qxg4 Bxg4 18. Rd4 h5 19. Bh4 Be6 20. Rb1 Bc5 21. Rd2 b6 22. Rbd1 O-O 23. a4 a5 24. Rd3 Rfe8 25. Rg3 Bb3 26. Rd7 Rxe5 27. h3 Bxa4 28. Bf6 Re1+ 29. Kh2 Bg1+ 0-1

[Event "Easter op"]
[Site "Winnipeg CAN"]
[Date "2005.04.16"]
[Round "2"]
[White "Bertrand, Daryl"]
[Black "Joven, Perfecto"]
[Result "1-0"]
[WhiteElo "1942"]
[BlackElo "2087"]
[PlyCount "57"]
[GameId "2160767910968744"]
[EventDate "2005.04.15"]
[EventType "swiss"]
[EventRounds "5"]
[EventCountry "CAN"]
[SourceTitle "EXT 2006"]
[Source "ChessBase"]
[SourceDate "2005.11.24"]
[SourceVersion "1"]
[SourceVersionDate "2005.11.24"]
[SourceQuality "1"]

1. e4 c5 2. Nf3 Nc6 3. Bb5 a6 4. Bxc6 bxc6 5. O-O g6 6. c3 Bg7 7. Qe2 a5 8. d3 d6 9. h3 Qc7 10. Rd1 Ba6 11. Bf4 e5 12. Be3 Ne7 13. Qc2 O-O 14. d4 cxd4 15. cxd4 Rfd8 16. Nc3 Qb7 17. Rac1 Kh8 18. Ng5 Kg8 19. dxe5 Bxe5 20. Na4 c5 21. Nf3 Bg7 22. Qd2 Bb5 23. Nxc5 dxc5 24. Qxd8+ Rxd8 25. Rxd8+ Bf8 26. Bh6 Qc8 27. Rxc8 Nxc8 28. Bxf8 Kxf8 29. Rxc5 1-0

[Event "Easter op"]
[Site "Winnipeg CAN"]
[Date "2005.04.16"]
[Round "2"]
[White "Fastershank, Anthony"]
[Black "Oberton, Daniel"]
[Result "0-1"]
[WhiteElo "1214"]
[BlackElo "1398"]
[PlyCount "94"]
[GameId "2160767910968746"]
[EventDate "2005.04.15"]
[EventType "swiss"]
[EventRounds "5"]
[EventCountry "CAN"]
[SourceTitle "EXT 2006"]
[Source "ChessBase"]
[SourceDate "2005.11.24"]
[SourceVersion "1"]
[SourceVersionDate "2005.11.24"]
[SourceQuality "1"]

1. e4 c5 2. Nf3 d6 3. Nc3 Nf6 4. d4 cxd4 5. Nxd4 g6 6. Be3 Bg7 7. Qd2 Ng4 8. Bf4 e5 9. Bg5 f6 10. Bh4 exd4 11. Qxd4 Nc6 12. Bb5 O-O 13. Bxc6 bxc6 14. f3 Ne5 15. h3 Ba6 16. O-O-O d5 17. Kb1 dxe4 18. Qxe4 Qc7 19. Bg3 Rfe8 20. Qd4 Bb5 21. Qf4 Rad8 22. Rdf1 Bxf1 23. Rxf1 Rd7 24. Qa4 Red8 25. a3 Rd2 26. Qb3+ Qf7 27. Qxf7+ Nxf7 28. Bf4 Rxg2 29. h4 Ne5 30. Na4 Rd4 31. Nc5 Rxf4 32. Rd1 Rc4 33. Ne6 Rcxc2 34. Rd8+ Kf7 35. Nf4 Rxb2+ 36. Kc1 Rh2 37. a4 Ra2 38. Kb1 Rxa4 39. Nh3 Rxh3 40. Kb2 Rxf3 41. Kc2 Ra2+ 42. Kb1 Rh2 43. Rd1 Bh6 44. h5 Rff2 45. hxg6+ hxg6 46. Ka1 Ra2+ 47. Kb1 Rhb2# 0-1

[Event "Easter op"]
[Site "Winnipeg CAN"]
[Date "2005.04.16"]
[Round "2"]
[White "Kohalmi, Andy"]
[Black "Khedkar, Jay S"]
[Result "0-1"]
[WhiteElo "1605"]
[BlackElo "1970"]
[PlyCount "68"]
[GameId "2160767910968747"]
[EventDate "2005.04.15"]
[EventType "swiss"]
[EventRounds "5"]
[EventCountry "CAN"]
[SourceTitle "EXT 2006"]
[Source "ChessBase"]
[SourceDate "2005.11.24"]
[SourceVersion "1"]
[SourceVersionDate "2005.11.24"]
[SourceQuality "1"]

1. d4 Nf6 2. Nf3 e6 3. e3 d5 4. Bd3 Nbd7 5. b3 Be7 6. Nbd2 O-O 7. O-O c6 8. Bb2 b6 9. Qe2 Bb7 10. Rac1 c5 11. c4 cxd4 12. exd4 Rc8 13. Ne5 Nxe5 14. dxe5 Nd7 15. Bxh7+ Kxh7 16. Qh5+ Kg8 17. Rc3 g6 18. Rg3 Kg7 19. Qg4 Rh8 20. f4 Bc5+ 21. Kh1 Qh4 22. Qxh4 Rxh4 23. f5 Rch8 24. h3 dxc4 25. Nf3 Rf4 26. Rd1 Bd5 27. bxc4 Rxc4 28. Rxd5 exd5 29. e6+ Nf6 30. Ne5 Rc2 31. Nxf7 Rxb2 32. Rxg6+ Kf8 33. Nxh8 Ne4 34. g4 Ng3# 0-1

[Event "Easter op"]
[Site "Winnipeg CAN"]
[Date "2005.04.16"]
[Round "2"]
[White "Podmoroff, Yuri"]
[Black "Wasserman, Leor"]
[Result "1-0"]
[WhiteElo "1365"]
[BlackElo "966"]
[PlyCount "89"]
[GameId "2160767910968748"]
[EventDate "2005.04.15"]
[EventType "swiss"]
[EventRounds "5"]
[EventCountry "CAN"]
[SourceTitle "EXT 2006"]
[Source "ChessBase"]
[SourceDate "2005.11.24"]
[SourceVersion "1"]
[SourceVersionDate "2005.11.24"]
[SourceQuality "1"]

1. e4 e5 2. Nf3 Nc6 3. Bb5 a6 4. Ba4 d6 5. Nc3 Bd7 6. O-O Nf6 7. d3 g6 8. Bg5 Bg7 9. Qd2 O-O 10. h3 b5 11. Bb3 Nd4 12. Nxd4 exd4 13. Ne2 c5 14. Nf4 Rc8 15. a3 h6 16. Bxf6 Qxf6 17. Nd5 Qd8 18. Qf4 Be6 19. Rab1 c4 20. Ba2 Rc5 21. Qf3 Bxd5 22. exd5 Qg5 23. b4 Rxd5 24. dxc4 bxc4 25. Bxc4 Rf5 26. Qc6 Qd2 27. Bd3 Rf6 28. Qxa6 d5 29. Qa4 Re6 30. b5 Rfe8 31. b6 Re1 32. b7 Rxb1 33. Qxe8+ Bf8 34. Rxb1 h5 35. b8=Q Qh6 36. Qxf8+ Qxf8 37. Qxf8+ Kxf8 38. a4 Ke7 39. a5 Kd6 40. a6 Kc7 41. a7 f5 42. a8=Q g5 43. Bb5 g4 44. Ba4 g3 45. Qb8# 1-0

[Event "Easter op"]
[Site "Winnipeg CAN"]
[Date "2005.04.16"]
[Round "2"]
[White "Zaczek, Jonathon"]
[Black "Rutter, Blair"]
[Result "1-0"]
[WhiteElo "2025"]
[BlackElo "1760"]
[PlyCount "67"]
[GameId "2160767910968749"]
[EventDate "2005.04.15"]
[EventType "swiss"]
[EventRounds "5"]
[EventCountry "CAN"]
[SourceTitle "EXT 2006"]
[Source "ChessBase"]
[SourceDate "2005.11.24"]
[SourceVersion "1"]
[SourceVersionDate "2005.11.24"]
[SourceQuality "1"]

1. e4 e6 2. d4 d5 3. Nc3 Nf6 4. Bg5 Be7 5. e5 Nfd7 6. h4 c5 7. Bxe7 Qxe7 8. Nb5 Kd8 9. f4 cxd4 10. Qd2 Nc6 11. Nxd4 Nxd4 12. Qxd4 Qc5 13. O-O-O Qxd4 14. Rxd4 Ke7 15. c4 dxc4 16. Bxc4 Nb6 17. Bb3 Bd7 18. g4 g6 19. Ne2 Rhd8 20. Nc3 Bc6 21. Rhd1 Rxd4 22. Rxd4 Rc8 23. Kd2 f5 24. exf6+ Kxf6 25. Rd6 Re8 26. Ke3 a5 27. Ne4+ Bxe4 28. Kxe4 a4 29. Rxb6 axb3 30. Rxb3 Re7 31. Rb6 Rc7 32. b3 Ke7 33. b4 Kd7 34. Ke5 1-0

[Event "Easter op"]
[Site "Winnipeg CAN"]
[Date "2005.04.16"]
[Round "3"]
[White "Khedkar, Jay S"]
[Black "Bertrand, Daryl"]
[Result "0-1"]
[WhiteElo "1970"]
[BlackElo "1942"]
[PlyCount "74"]
[GameId "2160767910968751"]
[EventDate "2005.04.15"]
[EventType "swiss"]
[EventRounds "5"]
[EventCountry "CAN"]
[SourceTitle "EXT 2006"]
[Source "ChessBase"]
[SourceDate "2005.11.24"]
[SourceVersion "1"]
[SourceVersionDate "2005.11.24"]
[SourceQuality "1"]

1. e4 g6 2. d4 Bg7 3. Nc3 c6 4. f4 d5 5. e5 Qb6 6. Nf3 Nh6 7. Be2 f6 8. O-O O-O 9. Na4 Qc7 10. c4 Be6 11. Nc5 Bf7 12. e6 Be8 13. Qb3 b6 14. Nd3 Qd6 15. cxd5 cxd5 16. Nb4 Bc6 17. Bd3 Qxe6 18. Re1 Qf7 19. Bd2 Bb7 20. Rac1 e6 21. Bb5 a6 22. Bc6 Nxc6 23. Nxc6 b5 24. Bb4 Rfe8 25. Na5 Rac8 26. Rxc8 Bxc8 27. Rc1 Bf8 28. Rc6 Nf5 29. Qc3 Bxb4 30. Qxb4 Bb7 31. Rb6 Re7 32. g4 Ne3 33. Qd6 Bc8 34. Rb8 Re8 35. g5 fxg5 36. Nxg5 Qf5 37. h3 Qc2 0-1